00284 a2200121 4500000002500000020001900025100001500044245004300059250001800102260001600120264000900136999001700145 nam a22 7a 4500 a9781529728828: aPrice, Bob aCritical Thinking & Writing in Nursing aFifth Edition bSage,c2021 c2021 c86771d86771